| 000 | 01164cam a22003255a 4500 | ||
|---|---|---|---|
| 999 |
_c12727 _d12727 |
||
| 003 | EG-ScBUE | ||
| 005 | 20210214130821.0 | ||
| 008 | 090827s2003 ua f 000 d ara d | ||
| 017 | _a2003/14448 | ||
| 020 | _a9773055177 | ||
| 040 |
_aEG-ScBUE _bara _erda _cEG-ScBUE _dEG-ScBUE |
||
| 082 | 0 | 4 |
_a892.727 _bخ ض ر _222 |
| 100 | 1 |
_aالخضري، عبد الستار، _eمؤلف. _98692 |
|
| 245 | 1 | 2 |
_aالمحاكمة / _cتاليف عبد الستار الخضري ؛ تقديم محمود نسيم. |
| 250 | _aالطبعة الأولى. | ||
| 260 | _b، | ||
| 264 | 1 |
_aالقاهرة : _bالهيئة العامة لقصور الثقافة، _c2003. |
|
| 300 |
_a184 صفحة ؛ _c12 سم. |
||
| 336 |
_2rdacontent _aنص _btxt |
||
| 337 |
_2rdamedia _aبدون وسيط _bn |
||
| 338 |
_2rdacarrier _aمجلد _bnc |
||
| 490 | 0 |
_aنصوص مسرحية ؛ _v37 |
|
| 590 | _adoaa mohamed | ||
| 650 | 7 |
_98534 _aالمسرحيات العربية _zمصر _yقرن 20. _2BUEsh |
|
| 651 | _2BUEsh | ||
| 653 |
_bARALIT _cAugust2015 |
||
| 655 |
_vReading book _934232 |
||
| 700 | 1 |
_aنسيم، محمود، _eمقدم. _98696 |
|
| 942 |
_2ddc _cBB _k892.727 ا ل خ |
||